000 00631nam a2200241 i 4500
001 C2-0292604
003 PPAK
005 20180728024617.0
008 090107s2005 nyu |||| ||||| | eng d
020 _a1931082855
040 _aPPAK
_beng
_cPPAK
_erda
082 0 4 _a821
_223
090 0 0 _a821
_bMEN
_dLCK
100 1 _aMenashe, Samuel,
_eauthor
245 1 0 _aNew and selected poems
264 1 _aNew York :
_bThe Library of America ,
_c2005
300 _a191 pages ;
_c20 cm
336 _2rdacontent
_atext
337 _2rdamedia
_aunmediated
338 _2rdacarrier
_avolume
650 1 0 _aEnglish poetry
942 _ddc
_cB
999 _c97461
_d97461